Production and Operations Management. (Record no. 2467)

MARC details
005 - DATE AND TIME OF LATEST TRANSACTION
control field 20250520075311.0
020 ## - INTERNATIONAL STANDARD BOOK NUMBER
International Standard Book Number 0-07-041025-9
082 ## - DEWEY DECIMAL CLASSIFICATION NUMBER
Classification number 658.5 MAY
100 ## - MAIN ENTRY--PERSONAL NAME
Author name MAYER, R. R.
245 ## - TITLE STATEMENT
Title Production and Operations Management.
250 ## - EDITION STATEMENT
Edition statement 4th Ed
260 ## - PUBLICATION, DISTRIBUTION, ETC.
Place of publication, distribution, etc. New York,
Name of publisher, distributor, etc. McGraw-Hill,
Date of publication, distribution, etc. 1982.
300 ## - PHYSICAL DESCRIPTION
Extent xvii, 654p.: ill.; figure, table
Other physical details Index
Dimensions 24cm.
942 ## - ADDED ENTRY ELEMENTS (KOHA)
Source of classification or shelving scheme Dewey Decimal Classification
Koha item type Books
Holdings
Date last seen Total checkouts Full call number Barcode Cost, replacement price Price effective from Koha item type Lost status Source of classification or shelving scheme Damaged status Not for loan Withdrawn status Home library Current library Shelving location Date acquired Cost, normal purchase price
05/20/2025   658.5 MAY 0000009278 30000.00 05/20/2025 Books   Dewey Decimal Classification       College of Business Education Main Library College of Business Education Main Library General Collection 12/15/1983 10000.00
05/20/2025   658.5 MAY 0000009279 30000.00 05/20/2025 Books   Dewey Decimal Classification       College of Business Education Main Library College of Business Education Main Library General Collection 12/15/1983 10000.00
05/20/2025   658.5 MAY 0000009280 30000.00 05/20/2025 Books   Dewey Decimal Classification       College of Business Education Main Library College of Business Education Main Library General Collection 12/15/1983 10000.00
05/20/2025   658.5 MAY 0000009281 30000.00 05/20/2025 Books   Dewey Decimal Classification       College of Business Education Main Library College of Business Education Main Library General Collection 12/15/1983 10000.00
05/20/2025   658.5 MAY 0000009282 30000.00 05/20/2025 Books   Dewey Decimal Classification       College of Business Education Main Library College of Business Education Main Library General Collection 12/15/1983 10000.00
05/20/2025   658.5 MAY 0000009283 30000.00 05/20/2025 Books   Dewey Decimal Classification       College of Business Education Main Library College of Business Education Main Library General Collection 12/15/1983 10000.00
05/20/2025   658.5 MAY 0000009284 30000.00 05/20/2025 Books   Dewey Decimal Classification       College of Business Education Main Library College of Business Education Main Library General Collection 12/15/1983 10000.00